| 000 | 00692nam a22002057a 4500 | ||
|---|---|---|---|
| 999 |
_c1323 _d1323 |
||
| 003 | CoMeUDC | ||
| 005 | 20210526144815.0 | ||
| 008 | 210526b ||||| |||| 00| 0 eng d | ||
| 020 | _a9786123112653 | ||
| 040 |
_bEspañol _cUdeCo |
||
| 082 |
_a346.04 _bC352 |
||
| 100 |
_91164 _aCastillo Freyre, Mario. |
||
| 245 |
_aLas garantías sobre bienes muebles : _bcomentarios críticos a la Ley de la Garantía Mobiliaria / _cMario Castillo Freyre |
||
| 260 |
_aLima : _bGaceta jurídica, _c2015. |
||
| 300 |
_a319 p. : _bbyn. ; _c23 cm. |
||
| 650 | 0 |
_91605 _aBienes muebles |
|
| 650 | 0 |
_91606 _aLey de la garantía mobiliaria _zPerú |
|
| 700 |
_91608 _aJhoel Chipana Catalán |
||
| 942 |
_2ddc _cBK |
||